Adopción de TIC en la Universidad Pontificia Bolivariana Bucaramanga, Colombia (Record no. 178616)
[ view plain ]
| 000 -CABECERA | |
|---|---|
| campo de control de longitud fija | 01910nab a2200313 a 4500 |
| 005 - FECHA Y HORA DE LA ÚLTIMA TRANSACCIÓN | |
| campo de control | 20260115084520.0 |
| 008 - ELEMENTOS DE LONGITUD FIJA--INFORMACIÓN GENERAL | |
| campo de control de longitud fija | 991125c2015 ve qr p o 000 0 spa d |
| 035 ## - NÚMERO DE CONTROL DEL SISTEMA | |
| Número de control de sistema | UPN01000206515 |
| 040 ## - FUENTE DE LA CATALOGACIÓN | |
| Centro catalogador/agencia de origen | MX-MxUPN |
| Lengua de catalogación | spa |
| Centro/agencia transcriptor | MX-MxUPN |
| Normas de descripción | aacr2 |
| 049 ## - COLECCIÓN | |
| Colección | ART-E |
| 100 1# - ASIENTO PRINCIPAL--NOMBRE PERSONAL | |
| Nombre de persona | Aguilar Jiménez, Alba Soraya |
| 100 1# - ASIENTO PRINCIPAL--NOMBRE PERSONAL | |
| Filiación | alba.aguilar@upb.edu.co |
| 100 1# - ASIENTO PRINCIPAL--NOMBRE PERSONAL | |
| Nombre de persona | Luzardo Briceño, Marianela |
| 100 1# - ASIENTO PRINCIPAL--NOMBRE PERSONAL | |
| Filiación | marianela.luzardo@upb.edu.co |
| 100 1# - ASIENTO PRINCIPAL--NOMBRE PERSONAL | |
| Nombre de persona | Jaimes Carrillo, Ludym |
| 100 1# - ASIENTO PRINCIPAL--NOMBRE PERSONAL | |
| Filiación | ludym.jaimes@upb.edu.co |
| 245 10 - MENCIÓN DE TÍTULO | |
| Título | Adopción de TIC en la Universidad Pontificia Bolivariana Bucaramanga, Colombia |
| 506 0# - NOTA DE RESTRICCIONES AL ACCESO | |
| Limitaciones de acceso | Acceso abierto |
| 520 3# - NOTA DE RESUMEN, ETC. | |
| Sumario, etc. | Las Tecnologías de Información y Comunicaciones (TIC) han marcado un nuevo camino en la formación universitaria, que ha llevado a las instituciones a afrontar cambios en la adopción de la tecnología. Este documento muestra los resultados de un estudio realizado con docentes y estudiantes de Ingeniería Industrial de la Universidad Pontificia Bolivariana Bucaramanga para identificar factores asociados a la incorporación de TIC desde cuatro perspectivas: docentes, estudiantes, metodologías e institución. Se realizó un análisis factorial exploratorio y se calculó un índice de adopción en función de las perspectivas estudiadas. Se concluye la importancia del rol docente, seguido por los cambios metodológicos inherentes y el compromiso institucional necesario para la materialización de la adopción. |
| 650 #4 - ASIENTO SECUNDARIO DE MATERIA - TERMINO TEMATICO | |
| Término de materia o nombre geográfico como elemento de entrada | Tecnologías de la información y comunicación |
| 9 (RLIN) | 21219 |
| 650 #4 - ASIENTO SECUNDARIO DE MATERIA - TERMINO TEMATICO | |
| Término de materia o nombre geográfico como elemento de entrada | Educación superior |
| 9 (RLIN) | 32 |
| 650 #2 - ASIENTO SECUNDARIO DE MATERIA - TERMINO TEMATICO | |
| Término de materia o nombre geográfico como elemento de entrada | Instituciones educativas |
| 9 (RLIN) | 6128 |
| 653 0# - TERMINO DE INDIZACION - NO CONTROLADO | |
| Término no controlado | Roles docentes |
| 773 ## - ENLACE AL DOCUMENTO FUENTE/ENTRADA DE REGISTRO ANFITRIÓN | |
| Parte(s) relacionada(s) | No. 62 (2015), p. 157-168 |
| Título | Educere : revista venezolana de educación |
| Número Internacional Normalizado para Publicaciones Seriadas | 1316-4910 |
| 856 4# - LOCALIZACIÓN Y ACCESO ELECTRÓNICOS | |
| Identificador Uniforme del Recurso | <a href="https://dialnet.unirioja.es/servlet/articulo?codigo=6528386">https://dialnet.unirioja.es/servlet/articulo?codigo=6528386</a> |
| 902 ## - ELEMENTOS DE DATOS B LOCAL, LDB (RLIN) | |
| Creó | Gloria Jiménez/140126 |
| 905 ## - TIPO DE MATERIAL | |
| Tipo de material | Articulo |
| 942 ## - ELEMENTOS DE PUNTO DE ACCESO ADICIONAL (KOHA) | |
| Tipo de ítem Koha | Artículo Electrónico |
| Estado de retiro | Estado de pérdida | Estado dañado | No para préstamo | Código de colección | Localización permanente | Ubicación/localización actual | Ubicación en estantería | Fecha de adquisición | Total de préstamos | Fecha visto por última vez | Identificador Uniforme del Recurso | Precio válido a partir de | Tipo de ítem Koha |
|---|---|---|---|---|---|---|---|---|---|---|---|---|---|
| Acceso abierto | Bib. Gregorio Torres Quintero | Bib. Gregorio Torres Quintero | En línea | 14/01/2026 | 14/01/2026 | https://dialnet.unirioja.es/servlet/articulo?codigo=6528386 | 14/01/2026 | Artículo Electrónico |
